AFL All-Australian 2022 Team - Statistics

General Stats
  • This quiz has been taken 8 times
  • The average score is 33 of 44
Answer Stats
Hint Answer % Correct
Fremantle Andrew Brayshaw
100%
Melbourne Angus Brayshaw
100%
Sydney Chad Warner
100%
Brisbane Lions Charlie Cameron
100%
Carlton Charlie Curnow
100%
Sydney Isaac Heeney
100%
Carlton Jacob Weitering
100%
Geelong Jeremy Cameron
100%
Brisbane Lions Lachie Neale
100%
Western Bulldogs Marcus Bontempelli
100%
Carlton (V-Capt.) Patrick Cripps
100%
Carlton Sam Walsh
100%
Adelaide Taylor Walker
100%
Sydney Tom Papley
100%
Melbourne Christian Petracca
86%
Melbourne Clayton Oliver
86%
Collingwood Josh Daicos
86%
Melbourne Max Gawn
86%
Melbourne Steven May
86%
Geelong (Capt.) Tom Hawkins
86%
Gold Coast Touk Miller
86%
St Kilda Callum Wilkie
71%
Port Adelaide Connor Rozee
71%
Richmond Daniel Rioli
71%
Brisbane Lions Hugh McCluggage
71%
Hawthorn James Sicily
71%
GWS Giants Josh Kelly
71%
Geelong Tom Stewart
71%
Collingwood Brayden Maynard
57%
Sydney Callum Mills
57%
Western Bulldogs Jack Macrae
57%
St Kilda Jack Sinclair
57%
Adelaide Rory Laird
57%
GWS Giants Sam Taylor
57%
West Coast Tom Barrass
57%
Richmond Tom Lynch
57%
Carlton Adam Saad
43%
Melbourne Bayley Fritsch
43%
Collingwood Jack Crisp
43%
Gold Coast Jarrod Witts
43%
Geelong Mark Blicavs
43%
Richmond Shai Bolton
43%
Geelong Tyson Stengle
43%
Fremantle Brennan Cox
29%
No matching quizzes found
Score Distribution
Percent of People with Each Score
Percentile by Number Answered
Your Score History
You have not taken this quiz